LIBRARY & INFORMATION CENTRE, KCAET, TAVANUR

ONLINE PUBLIC ACCESS CATALOGUE (OPAC)

Treats on Hygience and public Health / (Record no. 790)

MARC details
000 -LEADER
fixed length control field 00403cam a2200157ua 4500
041 ## - LANGUAGE CODE
Language code of text/sound track or separate title eng
082 ## - DEWEY DECIMAL CLASSIFICATION NUMBER
Classification number 613
Item number GHO/TR
100 ## - MAIN ENTRY--AUTHOR NAME
Personal name Ghosh, Birendra Nath .
245 ## - TITLE STATEMENT
Title Treats on Hygience and public Health /
250 ## - EDITION STATEMENT
Edition statement 14 /
260 ## - PUBLICATION, DISTRIBUTION, ETC. (IMPRINT)
Place of publication :
Name of publisher Scientific Publishers ,
Year of publication 1959.
300 ## - PHYSICAL DESCRIPTION
Number of Pages 939 ; .
942 ## - ADDED ENTRY ELEMENTS (KOHA)
Koha item type Books
Holdings
Withdrawn status Lost status Damaged status Home library Current library Date acquired Full call number Accession Number Koha item type Cost, normal purchase price
      KAUAET KAUAET 07/04/2012 613 3001 Books  
Withdrawn   Damaged KAUAET KAUAET 07/11/2019 613 GHO/TR 3002 Books 22.50
Withdrawn   Damaged KAUAET KAUAET 07/11/2019 613 GHO/TR 3003 Books 22.50
Withdrawn     KAUAET KAUAET 07/11/2019 613 GHO/TR 3004 Books 22.50
Withdrawn     KAUAET KAUAET 07/11/2019 613 GHO/TR 3006 Books 22.50
free website counter